Intervención Urbana Arquitectónica, de la pista Radial Santo Domingo, en la ciudad de Managua

El Trabajo de tesis Monográfica a continuación desarrollada, plantea los aspectos, criterios y lineamientos para abordar una problemática existente en la tramo de estudio pista radial Santo Domingo.

Bibliographic Details
Main Authors: Aguilar Canales, Meyling Raquel, Rocha Ochoa, Gonzalo Antonio
Other Authors: Tutor: Traña Padilla, Karen Astrid
Format: Tesis Section = Libro
Language:Undetermined
Spanish
Published: Managua UNI 2023
Subjects:
LEADER 01118nam a2200289Ia 4500
008 240830s9999 xx 000 0 und d
040 |a BIBLIOTECA-RUSB/ Mon 711.4 A283 
041 |a spa 
082 |a Mon 711.4 A283 
100 1 |a Aguilar Canales, Meyling Raquel 
100 1 |b Rocha Ochoa, Gonzalo Antonio 
245 1 0 |a Intervención Urbana Arquitectónica, de la pista Radial Santo Domingo, en la ciudad de Managua 
260 |a Managua   |b UNI  |c 2023 
300 |a 78 p. :il. 
500 |a Contiene: anexos y CD 
502 |a Tesis (Arquitecto) - UNI, 2023. 
520 3 |a El Trabajo de tesis Monográfica a continuación desarrollada, plantea los aspectos, criterios y lineamientos para abordar una problemática existente en la tramo de estudio pista radial Santo Domingo. 
650 7 |a PLANIFICACION URBANA 
650 7 |b  DESARROLLO URBANO 
650 7 |c  URBANISMO 
650 7 |d  PLANIFICACION DEL ESPACIO URBANO 
650 7 |e  DISEÑO ARQUITECTONICO 
650 7 |f  ARQUITECTURA-DISEÑOS Y PLANOS 
700 1 |a Tutor:  |b Traña Padilla, Karen Astrid 
942 |c BK  |2 ddc 
991 |a TESIS 
999 |c 27779